000 00375 a2200169 4500
001 71486
020 _a8575420690
040 _cAnchieta - Colégio São Paulo
100 _aKronzek, Elizabeth
240 1 0 _aO manual do bruxo
_lpor
245 1 0 _aO manual do bruxo
300 _a317
362 0 _a2003
440 1 _aSextante
650 4 _aLiteratura juvenil
942 _cBK
999 _c71486
_d71486